| 000 | 00906cam a2200229 4500 | ||
|---|---|---|---|
| 001 | ABS67263 | ||
| 008 | 031110n2003 000 0 eng u | ||
| 035 | _a(Sirsi) u124267 | ||
| 100 | _aJansen, M. | ||
| 245 | _aSpecial report: software | ||
| 260 | _c2003 | ||
| 490 |
_aProperty Week _v68(39) 3 October 2003, 55-62(4) |
||
| 520 | _aThe first article reports on how access to data through an extranet, or private website could help surveyors make their property management services stand out from the crowd. The concluding article discusses how online data rooms could provide a new way to circulate the large volume of documents that are generated by a property deal. | ||
| 590 | _aABS | ||
| 650 | _aSOFTWARE | ||
| 650 | _aDATA MANAGEMENT | ||
| 650 | _aPROPERTY MANAGEMENT SOFTWARE | ||
| 650 | _aEXTRANETS | ||
| 650 | _aE-COMMERCE | ||
| 690 | _aINFORMATION TECHNOLOGY-INTERNET | ||
| 942 | _n0 | ||
| 999 |
_c73761 _d73761 |
||